Towards sustainable policies: Harnessing the potential of strategic environmental assessment (Record no. 523901)

000 -LEADER
fixed length control field 01623nam a22001577a 4500
008 - FIXED-LENGTH DATA ELEMENTS--GENERAL INFORMATION
fixed length control field 231013b ||||| |||| 00| 0 eng d
100 ## - MAIN ENTRY--PERSONAL NAME
Personal name Lata, Kusum and Bhatt, Saurabh
245 ## - TITLE STATEMENT
Title Towards sustainable policies: Harnessing the potential of strategic environmental assessment
260 ## - PUBLICATION, DISTRIBUTION, ETC. (IMPRINT)
Place of publication, distribution, etc Nagarlok: Quarterly Journal of Urban Affairs
300 ## - PHYSICAL DESCRIPTION
Extent 55(2), Jun, 2023: p.17-38
520 ## - SUMMARY, ETC.
Summary, etc Environmental policy is essential for addressing pressing environmental challenges and achieving sustainable development. In this context, Strategic Environmental Assessment (SEA) is a systematic process that analyses and addresses the environmental impacts of policies, plans, programmes and other strategic initiatives. It goes beyond project-level Environmental Impact Assessment (EIA) and considers the cumulative effects of multiple actions and decisions. The paper aims to explain SEA, including its definitions and interpretations. It highlights the importance of integrating environmental considerations with economic and social factors and emphasizes SEA's role in supporting sustainable development. It also highlights the growing recognition of the need to consider environmental factors in decision-making processes. In conclusion, it underscores the significance of SEA as a proactive intervention in strategic decision-making processes.
650 ## - SUBJECT ADDED ENTRY--TOPICAL TERM
Topical term or geographic name as entry element Strategic environmental assessment, Environmental impact assessment, PPP (Programmes, Polices, and plans), Sustainable development.
9 (RLIN) 40993
773 ## - HOST ITEM ENTRY
Main entry heading Nagarlok: Quarterly Journal of Urban Affairs
906 ## - LOCAL DATA ELEMENT F, LDF (RLIN)
Subject DIP SUSTAINABLE DEVELOPMENT
942 ## - ADDED ENTRY ELEMENTS (KOHA)
Item type Articles
Holdings
Withdrawn status Lost status Source of classification or shelving scheme Damaged status Not for loan Permanent location Current location Date acquired Serial Enumeration / chronology Barcode Date last seen Koha item type
          Indian Institute of Public Administration Indian Institute of Public Administration 2023-10-13 55(2), Jun, 2023: p.17-38 AR129784 2023-10-13 Articles

Powered by Koha